[Event "Xtracon Invite Chess"]
[Site "Gilleleje"]
[Date "2020.01.17"]
[Round "7.2"]
[White "Thybo, Jesper Sondergaard"]
[Black "Hector, Jonny"]
[Result "1/2-1/2"]
[WhiteElo "2579"]
[BlackElo "2481"]
[PlyCount "131"]
[EventDate "2020.01.??"]
[EventType "tourn"]
[EventRounds "9"]
[EventCountry "DEN"]

1. d4 d5 2. c4 c6 3. Nf3 Nf6 4. Nc3 dxc4 5. a4 Bf5 6. Ne5 Nbd7 7. Nxc4 Qc7 8.
g3 e5 9. dxe5 Nxe5 10. Bf4 Nfd7 11. Bg2 f6 12. O-O Be6 13. Nxe5 Nxe5 14. a5 Rd8
15. Qa4 a6 16. Rad1 Rxd1 17. Rxd1 Kf7 18. Bxe5 Qxe5 19. Rd8 Qc7 20. Ra8 g6 21.
Ne4 Bg7 22. Rxh8 Bxh8 23. Qb4 Kg8 24. h4 Bg7 25. Nc5 Bc8 26. Qc4+ Qf7 27. Qf4
Bf8 28. b4 Kg7 29. Qb8 Bg4 30. Nxb7 Bxe2 31. Nd8 Qe7 32. Nxc6 Qd7 33. h5 gxh5
34. Qf4 Qd1+ 35. Kh2 Bd6 36. Qe4 Qd3 37. Nd4 Qxe4 38. Bxe4 Bg4 39. b5 axb5 40.
Nxb5 Bc5 41. f4 Bd7 42. Nc7 f5 43. Bc6 Bc8 44. Kh3 Kf6 45. a6 Ke7 46. Bb7 Bd7
47. Kh4 Kd6 48. Nd5 Be6 49. Nf6 Kc7 50. Nxh7 Bf7 51. Ng5 Be7 52. Bf3 Kb6 53.
Be2 Ka7 54. Kh3 Bd5 55. Kh4 Bf7 56. Bxh5 Bc4 57. Bg6 Kxa6 58. Bxf5 Kb6 59. Kh5
Kc5 60. Be6 Be2+ 61. Kg6 Kd4 62. f5 Bd6 63. f6 Bxg3 64. f7 Bd6 65. Kf6 Bh5 66.
Nh7 1/2-1/2

[Event "Xtracon Invite Chess"]
[Site "Gilleleje"]
[Date "2020.01.18"]
[Round "8.1"]
[White "Brunello, Sabino"]
[Black "Berkes, Ferenc"]
[Result "1/2-1/2"]
[WhiteElo "2536"]
[BlackElo "2649"]
[PlyCount "65"]
[EventDate "2020.01.??"]
[EventType "tourn"]
[EventRounds "9"]
[EventCountry "DEN"]

1. d4 d5 2. c4 c6 3. Nf3 Nf6 4. Nc3 a6 5. c5 g6 6. Bf4 Bg7 7. e3 O-O 8. h3 Bf5
9. Bd3 Bxd3 10. Qxd3 Nbd7 11. O-O Ne8 12. b4 Nc7 13. Rfe1 Re8 14. e4 dxe4 15.
Nxe4 Ne6 16. Bh2 a5 17. a3 Nf6 18. Ned2 axb4 19. axb4 Rxa1 20. Rxa1 Nd5 21. Qc4
b5 22. cxb6 Qxb6 23. Ra6 Qxb4 24. Qxc6 Nf6 25. Ra4 Qb2 26. d5 Nd8 27. Qc4 Qb7
28. Ra5 h5 29. Rb5 Qa6 30. Bc7 Nd7 31. Qb3 Qc8 32. Bf4 Nb7 33. Ne4 1/2-1/2

[Event "Xtracon Invite Chess"]
[Site "Gilleleje"]
[Date "2020.01.18"]
[Round "8.4"]
[White "Hector, Jonny"]
[Black "Olsen, Filip Boe"]
[Result "1/2-1/2"]
[WhiteElo "2481"]
[BlackElo "2353"]
[PlyCount "82"]
[EventDate "2020.01.??"]
[EventType "tourn"]
[EventRounds "9"]
[EventCountry "DEN"]

1. e4 c5 2. Nf3 d6 3. d4 cxd4 4. Nxd4 Nf6 5. Nc3 a6 6. Bg5 Nbd7 7. f4 Qc7 8.
Qf3 h6 9. Bxf6 Nxf6 10. f5 Qc5 11. Qd3 e5 12. Nb3 Qc7 13. g4 b5 14. O-O-O Bb7
15. Be2 Be7 16. h4 b4 17. Nd5 Nxd5 18. exd5 a5 19. Qc4 Qxc4 20. Bxc4 g5 21. h5
Bd8 22. Nd2 f6 23. Rh3 Ke7 24. a3 Bb6 25. Rb3 Rhc8 26. Kb1 Bc5 27. Re1 Ra7 28.
Rd3 Bf2 29. Re4 Rb8 30. Ka2 Bc8 31. Re2 Bg1 32. Ne4 Rc7 33. Nd2 Bc5 34. Re1 Bf2
35. Re4 Bc5 36. a4 Bd7 37. b3 Ba7 38. Kb2 Rbc8 39. Kc1 Bg1 40. Kd1 Bb6 41. Ke2
Rc5 1/2-1/2

[Event "Xtracon Invite Chess"]
[Site "Gilleleje"]
[Date "2020.01.18"]
[Round "8.5"]
[White "Yankelevich, Lev"]
[Black "Sylvan, Jacob"]
[Result "1/2-1/2"]
[WhiteElo "2483"]
[BlackElo "2325"]
[PlyCount "83"]
[EventDate "2020.01.??"]
[EventType "tourn"]
[EventRounds "9"]
[EventCountry "DEN"]

1. d4 d5 2. c4 e6 3. Nc3 Nf6 4. cxd5 exd5 5. Bg5 c6 6. e3 Bd6 7. Bd3 h6 8. Bh4
O-O 9. Qc2 a5 10. Nge2 Na6 11. a3 Re8 12. h3 Nc7 13. Bg3 Ne6 14. O-O Ng5 15.
Bxd6 Qxd6 16. Ng3 b5 17. Rfe1 Rb8 18. Rab1 Bd7 19. b4 axb4 20. axb4 Ra8 21. f4
Ngh7 22. Nf1 Nf8 23. Nh2 Ra3 24. Nf3 Rea8 25. Ne5 Ne8 26. Qd2 Nc7 27. Bc2 Na6
28. e4 Nxb4 29. Nxb5 cxb5 30. Qxb4 Qxb4 31. Rxb4 dxe4 32. Bb3 Be8 33. Rxe4 Rc8
34. Re3 Ra1+ 35. Kf2 Nh7 36. Ng6 Rd8 37. g4 Nf6 38. g5 Nh5 39. Ne7+ Kf8 40. d5
Rb1 41. Rbe4 Rb2+ 42. Ke1 1/2-1/2

[Event "Xtracon Invite Chess"]
[Site "Gilleleje"]
[Date "2020.01.19"]
[Round "9.3"]
[White "Olsen, Filip Boe"]
[Black "Yankelevich, Lev"]
[Result "0-1"]
[WhiteElo "2353"]
[BlackElo "2483"]
[PlyCount "120"]
[EventDate "2020.01.??"]
[EventType "tourn"]
[EventRounds "9"]
[EventCountry "DEN"]

1. d4 Nf6 2. Bf4 c5 3. e3 Nd5 4. Bg3 Qb6 5. b3 cxd4 6. exd4 e6 7. c3 Bd6 8. Nf3
O-O 9. Bc4 Nf6 10. Nbd2 Bxg3 11. hxg3 h6 12. Bd3 d6 13. Rh4 e5 14. Kf1 Qc7 15.
c4 Nc6 16. Ne4 Ng4 17. Nc3 f5 18. d5 Ne7 19. Bc2 Bd7 20. Nd2 b5 21. Qe2 b4 22.
Nd1 Nxd5 23. Qd3 Ne7 24. Rxg4 fxg4 25. Ne3 Be6 26. Ne4 Nf5 27. Nxf5 Bxf5 28.
Nf6+ Rxf6 29. Qd5+ Kh7 30. Bxf5+ Rxf5 31. Qxa8 Qc5 32. f3 gxf3 33. Qe4 fxg2+
34. Kxg2 Qf2+ 35. Kh3 h5 36. Rd1 g5 37. g4 Qf3+ 38. Qxf3 Rxf3+ 39. Kg2 Rf6 40.
gxh5 Kh6 41. Kg3 Kxh5 42. Rd5 e4 43. Ra5 Rf3+ 44. Kg2 Kg4 45. Rxa7 Rd3 46. Kf2
Kf4 47. Rf7+ Ke5 48. Rg7 Kd4 49. Rxg5 Rd2+ 50. Ke1 Rxa2 51. Kd1 e3 52. Rd5+ Kc3
53. Rxd6 e2+ 54. Ke1 Kxb3 55. c5 Rc2 56. c6 Ka3 57. c7 b3 58. Ra6+ Kb2 59. Re6
Rxc7 60. Rxe2+ Kc1 0-1

[Event "Xtracon Invite Chess"]
[Site "Gilleleje"]
[Date "2020.01.19"]
[Round "9.4"]
[White "Sveshnikov, Evgeny"]
[Black "Hector, Jonny"]
[Result "0-1"]
[WhiteElo "2483"]
[BlackElo "2481"]
[PlyCount "48"]
[EventDate "2020.01.??"]
[EventType "tourn"]
[EventRounds "9"]
[EventCountry "DEN"]

1. e4 e5 2. Nf3 Nc6 3. d4 exd4 4. Nxd4 Nf6 5. Nxc6 bxc6 6. e5 Qe7 7. Qe2 Nd5 8.
c4 Ba6 9. Qe4 Nb4 10. Nc3 Rd8 11. a3 d5 12. Qb1 Qxe5+ 13. Be2 Bxc4 14. O-O Bd6
15. g3 Bxe2 16. Nxe2 Qxe2 17. axb4 O-O 18. Rxa7 Rfe8 19. b3 h5 20. Be3 h4 21.
Bc5 Qf3 22. Qd1 Re2 23. gxh4 Bf4 24. Re1 Qh3 0-1